Domácí chléb a jiné pečivo /

Hlavní autor: Decaux, Cécile
Další autoři: Decaux, Guillaume, 1966-
Jazyk: Čeština
Vydáno: Brno : Computer Press, 2009
Vydání: Vyd. 1.
Témata:
Externí odkaz: Digitalizovaný dokument
Fyzický popis: 127 s. : barev. il. ; 25 cm
Knihy
Uloženo v:
LEADER 01682cam a2200457 a 4500
001 nkc20091967540
003 CZ PrNK
005 20110412093630.0
007 ta
008 090713s2009 xr a e f 000 0 cze d
015 |a cnb001967540 
020 |a 978-80-251-2498-7  |q (váz.) 
035 |a (OCoLC)436262678 
040 |a KLG001  |b cze  |d BOA001  |d ABA001 
041 1 |a cze  |h fre 
072 7 |a 641  |x Kuchařství. Potraviny. Vařená jídla  |2 Konspekt  |9 19 
080 |a 664.661/.664  |2 MRF 
080 |a 664.6  |2 MRF 
080 |a (083.12)  |2 MRF 
100 1 |a Decaux, Cécile  |7 xx0098985  |4 aut 
245 1 0 |a Domácí chléb a jiné pečivo /  |c texty Cécile Decauxová ; fotografie a ilustrace Guillaume Decaux 
250 |a Vyd. 1. 
260 |a Brno :  |b Computer Press,  |c 2009 
300 |a 127 s. :  |b barev. il. ;  |c 25 cm 
500 |a Přeloženo z francouštiny 
500 |a Terminologický slovník 
650 0 7 |a chléb  |7 ph119184  |2 czenas 
650 0 7 |a pečivo  |7 ph115724  |2 czenas 
650 0 9 |a bread  |2 eczenas 
650 0 9 |a bakery products  |2 eczenas 
655 7 |a kuchařské recepty  |7 fd132687  |2 czenas 
655 9 |a cookbooks  |2 eczenas 
700 1 |a Decaux, Guillaume,  |d 1966-  |7 xx0094991  |4 pht  |4 ill 
765 0 |t Atelier pain  |9 Česky 
856 4 1 |u http://www.digitalniknihovna.cz/mzk/uuid/uuid:4d02b500-febb-11e4-88cd-005056827e52  |y Digitalizovaný dokument  |x NDK 
910 2 |a BOA001  |b 2-1226.360 
990 |a BK 
995 |a 01 
991 |b 200908  |c NOV 
996 6 |b 2610383899  |c 2-1226.360  |l MZK  |r Sklad / do 1 hodiny  |n 1  |p p.v.  |w 001088976  |u 000010  |a 1  |e BOA001  |j MZK50  |s P 
996 7 |b 2610383900  |c 2-1226.360  |l MZK  |r Sklad / do 1 hodiny  |n 11  |p p.v.  |w 001088976  |u 000020  |a 1  |e BOA001  |j MZK50  |s A